00512nam a2200181Ia 4500003000400000005001700004008004100021040001800062041000800080082001800088100001900106245004200125250001200167260004600179300002400225650005600249650002500305OSt20250131134314.0210716s1965 xx 000 0 und d cAIMIT LIBRARY aeng a813 21bKOHH aKohl, Herbert. aAge of complexity /cBy Herbert Kohl. a1st ed. aNew York :bNew American Library ;c1965. a287p. ;bPBc18 cm. aHow ordinary is ordinary or the new oxford movement aWittgenstein returns